| 000 | 00680nam a2200181 i 4500 | ||
|---|---|---|---|
| 001 | 37038 | ||
| 003 | ES-MaACL | ||
| 005 | 20230906155506.0 | ||
| 007 | t| | ||
| 008 | 030220s1904 fr ||||1| fre d | ||
| 100 | 1 |
_aBrunhes, Jean. _932179 |
|
| 245 | 1 | 2 |
_aL'irrigation _bses conditions géographiques, ses modes et son organisation dans la Péninsule Ibérique et dans l'Afrique du Nord / _cpar Jean Brunhes. |
| 260 |
_aParis : _bMasson et Cie, _c1904 ( _eChartres : _fImp. Durand) |
||
| 300 |
_aXVII, 579 p., [16] h. de plan., 5 pleg. : _bil. ; _c25 cm. |
||
| 650 | 4 |
_aRegadío- _zEspaña. _9145279 |
|
| 650 | 4 |
_aRegadío- _zAfrica del Norte. _9158643 |
|
| 852 |
_aES-MaACL _jG-5937 |
||
| 999 |
_c37038 _d37038 |
||